| 000 | 00855nam a2200229 a 4500 | ||
|---|---|---|---|
| 008 | 120416s1982 ||||||||||||||||| || u | ||
| 020 | _a0521241855 | ||
| 020 | _a0521285070 | ||
| 050 | _aHC 106.7 Fer | ||
| 100 | _aFerber, Robert, 1922- | ||
| 245 | 1 | 0 | _aSocial experimentation and economic policy |
| 260 |
_aCambridge: _bCambridge University Press _c1982 |
||
| 300 | _axii, 251p.: ill. | ||
| 350 | _a0.00 | ||
| 490 | _aCambridge surveys of economic literature | ||
| 500 | _aIncludes index. -Bibliography: p. 234-241. | ||
| 650 | 0 | _aUNITED STATES--ECONOMIC POLICY | |
| 650 | 0 | _aECONOMICS | |
| 650 | _aPUBLIC WELFARE--UNITED STATES--EVALUATION | ||
| 700 | _aHirsch, Werner Zvi, 1920- | ||
| 995 |
_D0.00 _FCBU-MAIN LIBRARY (Kitwe) _H1 _I25.00 _M1 _UAVAILABLE _ZAnnex Low-Usage Collection |
||
| 999 |
_c57688 _d57688 |
||